| 000 | 01179nam a2200265Ia 4500 | ||
|---|---|---|---|
| 999 |
_c40847 _d40847 |
||
| 001 | 7488 | ||
| 003 | GE_BSU | ||
| 005 | 20191008120404.0 | ||
| 008 | 181216s2010||||ge |||||||||||||| ||geo|| | ||
| 020 | _a9789994087594. | ||
| 040 | _cGE_BSU | ||
| 041 | _ageo | ||
| 080 | _a339.924+330.1+316.32(479.22) ა-87 | ||
| 100 |
_aასათიანი,როზეტა. _9568 |
||
| 245 |
_aგლობალიზაცია,ეკონომიკური თეორია და საქართველო / _cროზეტა ასათიანი ; მეცნ.-რედ: იაკობ მესხია. |
||
| 264 |
_aთბილისი : _bსიახლე, _c2010. |
||
| 300 |
_a84 გვ .: _c20 სმ. |
||
| 504 | _aბიბლიოგრ.ტექსტ.შენიშვნ.და გვ.75-82. | ||
| 520 | _aრეზ.ინგლ. ენაზე | ||
| 541 | _h15ლ. | ||
| 653 | _aგლობალიზაცია | ||
| 653 | _aეკონომიკური თეორია | ||
| 700 |
_aმესხია, იაკობ. _eსამეცნიერო რედაქტორი _94612 |
||
| 942 |
_cBK _2udc |
||